La oración en el Islam (Record no. 112018)

MARC details
000 -LEADER
campo de control de longitud fija 00637nam a2200169 4500
001 - NÚMERO DE CONTROL
campo de control 112018
003 - IDENTIFICADOR DE NÚMERO DE CONTROL
campo de control ES-MaACL
005 - FECHA Y HORA DE LA ÚLTIMA TRANSACCIÓN
campo de control 20230906185417.0
007 - CAMPO FIJO DE DESCRIPCIÓN FÍSICA--INFORMACIÓN GENERAL
campo de control de longitud fija t|
008 - DATOS DE LONGITUD FIJA--INFORMACIÓN GENERAL
campo de control de longitud fija 061121s1977 sp r ||||1| spa d
100 1# - ENTRADA PRINCIPAL--NOMBRE DE PERSONA
Nombre de persona Nezar Ahmad Al-Sabbagh.
9 (RLIN) 85521
245 13 - MENCIÓN DEL TÍTULO
Título La oración en el Islam
Resto del título : un compendio que explica la forma de la oración y sus reglas /
Mención de responsabilidad, etc. por Nezar Ahmad Al-Sabbagh ; traducido por el Comité Cultural del Centro Islámico en Granada.
260 ## - PUBLICACIÓN, DISTRIBUCIÓN, ETC.
Lugar de publicación, distribución, etc. Granada :
Nombre del editor, distribuidor, etc. Centro E. Musulmán,
Fecha de publicación, distribución, etc. 1977.
300 ## - DESCRIPCIÓN FÍSICA
Extensión 76 p. :
Otras características físicas il. ;
Dimensiones 18 cm.
710 2# - ENTRADA AGREGADA--NOMBRE DE ENTIDAD CORPORATIVA
Nombre de entidad corporativa o nombre de jurisdicción como elemento de entrada Centro Islámico (Granada)
9 (RLIN) 2752
852 ## - LOCALIZACIÓN
Ubicación ES-MaACL
Número de control de estantería A-8593
Sublocalización o colección R.97805
Holdings
Estatus retirado Estado de pérdida Estado de daño No para préstamo Biblioteca de origen Biblioteca actual Ubicación en estantería Fecha de adquisición Fuente de adquisición Total de préstamos Signatura topográfica completa Código de barras Visto por última vez Precio de reemplazo Tipo de ítem Koha
        Biblioteca del Ateneo de Madrid Biblioteca del Ateneo de Madrid Depósito 1 17/01/2008     A-8593 1116846 23/02/2023 23/02/2023 Libro impreso